01135nam0a22002291 4500001001000000005001700010035002600027100004100053101000800094102000700102105001800109200017300127210004200300215002200342225025400364300009000618320003300708701010500741801001800846801002200864852001900886rc\53857320250621123508.0 a(NLR Aleph) 005775652 a20030616d1988 |||y0rusy50 ca0 arus aRU aa |||||||||1 aТЕХНОЛОГИЧЕСКОЕ оборудование для изготовления и прокладки оптических кабелейf[Ларин Ю.Т.] aМ.cИнформэлектроd1988 a48 с.cил.d211 aЭлектротехническая промышленностьhСерия 19iКабинетные изделияeОбзор. информ.fВНИИ информ. и техн.-экон. исслед. в электротехникеvВып. 10 aВ надзаг. также: М-во электротехн. пром-сти СССР aБиблиогр.: с. 44-48 140707ca8rusaЛаринbЮ. Т.f1945-2019gЮрий Тимофеевич3RU\NLR\AUTH\770271962 0aRUbNLRgpsbo 1aRUbELAR2rusmarc aNLRjП10/5996